Tables of Ascendants (Record no. 25159)

MARC details
000 -LEADER
fixed length control field 00488nam a2200181Ia 4500
008 - FIXED-LENGTH DATA ELEMENTS--GENERAL INFORMATION
fixed length control field 090122s9999 xx 000 0 und d
082 ## - DEWEY DECIMAL CLASSIFICATION NUMBER
Item number 1081
Classification number B:97x
100 ## - MAIN ENTRY--PERSONAL NAME
Personal name Lahiri
Numeration N
Titles and other words associated with a name C
245 ## - TITLE STATEMENT
Title Tables of Ascendants
260 ## - PUBLICATION, DISTRIBUTION, ETC. (IMPRINT)
Name of publisher, distributor, etc ASTRO-RESEARCH BUREAU
Date of publication, distribution, etc 1989
300 ## - PHYSICAL DESCRIPTION
Extent 112
501 ## - WITH NOTE
With note बॉम्बे बुक डेपो / बि. नं. 8299
600 ## - SUBJECT ADDED ENTRY--PERSONAL NAME
Personal name Lahiri
630 ## - SUBJECT ADDED ENTRY--UNIFORM TITLE
Uniform title Tables of Ascendants
700 ## - ADDED ENTRY--PERSONAL NAME
Personal name Lahiri
730 ## - ADDED ENTRY--UNIFORM TITLE
Uniform title Tables of Ascendants
942 ## - ADDED ENTRY ELEMENTS (KOHA)
Koha item type Book
Holdings
Withdrawn status Lost status Damaged status Not for loan Home library Current library Date acquired Source of acquisition Cost, normal purchase price Total Checkouts Full call number Barcode Date last seen Copy number Cost, replacement price Price effective from Koha item type
        Dombivali Granthasangrahalaya, Dombivali Dombivali Granthasangrahalaya, Dombivali   बॉम्बे बुक डेपो / बि. नं. 8299 25.00   1081 DOM-1081 01/22/2009 1 25.00 01/22/2009 Book